[Event "Hessen-ch Gr-D 62nd"]
[Site "Hanau"]
[Date "2008.03.21"]
[Round "1"]
[White "Fischer, Stefan Joachim"]
[Black "Schwager, Alfred"]
[Result "1-0"]
[WhiteElo "1604"]
[BlackElo "1552"]
[PlyCount "107"]
[EventDate "2008.03.21"]
[EventType "swiss"]
[EventRounds "5"]
[EventCountry "GER"]
[SourceTitle "CBM 123 Extra"]
[Source "ChessBase"]
[SourceDate "2008.05.06"]
[SourceVersion "1"]
[SourceVersionDate "2008.05.06"]
[SourceQuality "1"]

1. c4 e6 2. Nc3 Nf6 3. g3 b6 4. Bg2 c6 5. Nf3 Bb7 6. 0-0 Be7 7. d3 d5 8. cxd5 cxd5 9. d4 0-0 10. Bd2 Nbd7 11. Qb3 Ba6 12. Nb5 Ne4 13. Rfc1 Bxb5 14. Qxb5 Nd6 15. Qb3 Nf6 16. Ne5 Nfe4 17. Be1 Rc8 18. f3 Nf6 19. e3 Nd7 20. Nc6 Rxc6 21. Rxc6 Nc4 22. Rxc4 dxc4 23. Qxc4 Qb8 24. Rc1 Bd8 25. Bb4 Re8 26. Qc6 Nf6 27. Bd6 Bc7 28. Qxc7 Qa8 29. Bf4 Nd5 30. Qc6 Qd8 31. a3 h6 32. Kf2 Kh7 33. Bd6 a5 34. e4 Ne7 35. Qc7 Nc8 36. e5 Qg5 37. f4 Qf5 38. Qc2 Qxc2+ 39. Rxc2 f5 40. Rc7 Rd8 41. Ke3 Nxd6 42. exd6 Rxd6 43. Rc6 Rxc6 44. Bxc6 Kg6 45. d5 exd5 46. Bxd5 Kf6 47. a4 Ke7 48. Kd4 Kd6 49. b3 g5 50. h4 g4 51. Bf7 Ke7 52. Bg6 Kf6 53. h5 Ke6 54. Kc4 1-0

[Event "Hessen-ch qual-E"]
[Site "Erlensee"]
[Date "2007.04.08"]
[Round "5"]
[White "Schwager, Alfred"]
[Black "Bauer, Alfred"]
[Result "1-0"]
[WhiteElo "1472"]
[BlackElo "1466"]
[PlyCount "117"]
[EventDate "2007.04.06"]
[EventType "swiss"]
[EventRounds "5"]
[EventCountry "GER"]
[SourceTitle "CBM 117 Extra"]
[Source "ChessBase"]
[SourceDate "2007.05.09"]
[SourceVersion "1"]
[SourceVersionDate "2007.05.09"]
[SourceQuality "1"]

1. e4 e6 2. d4 d5 3. Bd3 Nf6 4. e5 Nfd7 5. Nf3 c5 6. c3 Nc6 7. Be3 Qb6 8. Qe2 c4 9. Bxc4 dxc4 10. d5 Qc7 11. dxc6 Nxe5 12. Nxe5 Qxe5 13. Qxc4 b6 14. Nd2 Be7 15. Nf3 Qc7 16. Rd1 0-0 17. Bf4 b5 18. Bxc7 bxc4 19. 0-0 a5 20. Bg3 a4 21. a3 Ra6 22. Bd6 Bxd6 23. Rxd6 g6 24. Rfd1 Ra5 25. R1d2 Ba6 26. c7 Rc5 27. Rxa6 Rxc7 28. Rxa4 Rb8 29. g3 Kg7 30. Ne5 Rbc8 31. Rd4 f6 32. Rd7+ Rxd7 33. Nxd7 Rd8 34. Nb6 Rd1+ 35. Kg2 h5 36. h4 g5 37. hxg5 fxg5 38. Nxc4 Kf6 39. Ne3 Rd2 40. Rb4 h4 41. gxh4 gxh4 42. Rf4+ Kg5 43. Rg4+ Kh5 44. Kh3 Rxf2 45. Rxh4+ Kg5 46. Rg4+ Kh5 47. Nc4 Re2 48. a4 e5 49. a5 e4 50. a6 Re1 51. a7 Ra1 52. Rg7 Kh6 53. Re7 Kg6 54. Na3 Re1 55. a8Q e3 56. Qe4+ Kg5 57. Qe5+ Kg6 58. Rg7+ Kh6 59. Qg5# 1-0

[Event "Hessen-ch qual-E"]
[Site "Erlensee"]
[Date "2007.04.06"]
[Round "3"]
[White "Schwager, Alfred"]
[Black "Voellinger, Florian"]
[Result "0-1"]
[WhiteElo "1472"]
[BlackElo "1314"]
[PlyCount "66"]
[EventDate "2007.04.06"]
[EventType "swiss"]
[EventRounds "5"]
[EventCountry "GER"]
[SourceTitle "CBM 117 Extra"]
[Source "ChessBase"]
[SourceDate "2007.05.09"]
[SourceVersion "1"]
[SourceVersionDate "2007.05.09"]
[SourceQuality "1"]

1. e4 d5 2. exd5 Qxd5 3. Nc3 Qa5 4. a3 c6 5. b4 Qc7 6. Be2 Nf6 7. Bb2 Bf5 8. Rc1 e6 9. Nf3 Be7 10. d3 h6 11. 0-0 0-0 12. Nb1 Nbd7 13. c4 a5 14. b5 c5 15. a4 b6 16. d4 cxd4 17. Bxd4 Bc5 18. Be3 Rfd8 19. Qb3 Bxe3 20. fxe3 Nc5 21. Qa3 Bd3 22. Bxd3 Rxd3 23. Rc3 Rd7 24. Nd4 Nfe4 25. Rcc1 e5 26. Nc2 Rd3 27. Qa1 Nb3 28. Qb2 Nxc1 29. Qxc1 Qxc4 30. Na1 Qxc1 31. Rxc1 Rad8 32. h3 Rd1+ 33. Rxd1 Rxd1+ 0-1